000 00463nam a22001817a 4500
999 _c11699
_d11699
008 201229b ||||| |||| 00| 0 eng d
020 _a817409153x
082 _a389.15
_bJAI
100 _a Jain, R. K.
245 _a Engineering metrology
250 _a20th Ed.
260 _aNew Delhi
_bKhanna Publishers
_c2012
300 _axvi, 1244p.
650 _aMeasurement
650 _aEngineering instruments
650 _aTotal Quality Management
942 _cBK